000 00513nam a22001817a 4500
003 NUST - PNEC
005 20170116181005.0
008 150912b xxu||||| |||| 00| 0 eng d
020 _a0830606637
040 _cLIBRARY
082 _a621.381548 HOR
100 _99720
_aHorowitz, Mannie
245 _aTroubleshooting and repairing electronic test equipment
_cMannie Horowitz
250 _a2nd ed.
260 _cc.1986
650 _99722
_aElectronic instruments--Maintenance and repair
_xEL
942 _2ddc
_cBK
999 _c66832
_d66832